Historia crítica y documentada del cine independiente en España : 1955-1975 /

Gorde:
Xehetasun bibliografikoak
Egile nagusia: Romaguera i Ramió, Joaquim (autor)
Beste egile batzuk: Soler, Llorenç (autor) (autor)
Formatua: Liburua
Hizkuntza:gaztelania
Argitaratua: Barcelona, España : Laertes, 2006, c2006
Saila:(Kaplan ; 24)
Gaiak:
Etiketak: Etiketa erantsi
Etiketarik gabe, Izan zaitez lehena erregistro honi etiketa jartzen!

MARC

LEADER 00000nam^a2200000^a^4500
001 000300418
005 20250521000000.0
009 20260310112507.367
020 |a 84-7584-579-7 
037 |a Acervo ITESO - Biblioteca 
041 |a ESP 
082 |a 302. 235450946  |b ROM 
100 |a Romaguera i Ramió, Joaquim  |e (autor) 
245 1 0 |a Historia crítica y documentada del cine independiente en España :  |b 1955-1975 /  |c J. Romaguera i Ramió, L. Soler. 
264 4 |a Barcelona, España :  |b Laertes,  |c 2006, c2006 
300 |a 143 p. 
336 |a texto  |b txt  |2 rdacontenido 
337 |a sin mediación  |b n  |2 rdamedio 
338 |a volumen  |b nc  |2 rdasoporte 
440 1 |a (Kaplan ;  |v 24) 
649 |a XX 
650 |a Cineastas Españoles -  |x Filmografías -  |x Enciclopedias y Diccionarios 
650 |a Cineastas Españoles -  |x Biografías -  |x Enciclopedias y Diccionarios 
650 |a Cineastas Españoles -  |x Enciclopedias y Diccionarios -  |x Tema Principal 
650 |a Cine Independiente -  |z España -  |x Historia y Crítica -  |x Tema Principal 
650 |a Cine Español -  |x Enciclopedias y Diccionarios 
650 |a Cine Español -  |x Historia y Crítica 
650 |a Cine Español -  |y 1950-1959 
650 |a Cine Español -  |y 1960-1969 
650 |a Cine Español -  |y 1970-1979 
650 |a Cine Español -  |y Siglo XX 
700 |a Soler, Llorenç  |e (autor) 
910 |a Fondo General 
920 |a Impresos - Libros 
930 |a Obras de Referencia 
905 |a 102 
901 |a 0500186174  |b IT2  |c REF  |i C121815  |u 20250521 
902 |a https://opac.biblio.iteso.mx/vufind/Record/000300418